Estadísticas para Alianza de las Ocho Naciones

Haz click aquí para intentar la prueba.

Estadísticas generales

  • Esta prueba ha sido intentada 56 veces
  • La puntuación promedio es 5 de 8

Estadísticas de respuestas

Buques de GuerraPaís% Correcto
18Imperio del Japón
88%
2Estados Unidos
76%
8Imperio Britanico
76%
5República Francesa
76%
10Imperio Ruso
69%
5Imperio Alemán
57%
2Reino de Italia
50%
4Imperio Austro-Húgaro
5%

Distribución de puntuación

Porcentaje por número respondido

Porcentaje de gente con cada puntuación

Historial de tus puntuaciones

No has intentado esta prueba.